Music Quiz

Random Music or Rock Quiz

Musicians That Died Too Young Quiz Stats

Quiz not verified by Sporcle

Challenge
Share
Tweet
Score 0/15 Timer 10:00
1 Play Today
% Correct
Janis Joplin
85.5%
Buddy Holly
85.2%
Jim Morrison
77.1%
Tupac Shakur
75.1%
Kurt Cobain
73.4%
Jimi Hendrix
66.7%
Robert Johnson
54.5%
Hank Williams
51.9%
% Correct
Duane Allman
43.4%
Brian Jones
41.1%
Cliff Burton
39.1%
Otis Redding
34%
Ronnie Van Zant
30.3%
Steve Gaines
11.1%
Cassie Gaines
10.8%

You're not logged in!

Compare scores with friends on all Sporcle quizzes.
Sign Up with Email
OR
Log In

You Might Also Like...

Show Comments

Extras

Top Quizzes Today


Score Distribution

Your Account Isn't Verified!

In order to create a playlist on Sporcle, you need to verify the email address you used during registration. Go to your Sporcle Settings to finish the process.